书目信息 |
| 题名: |
有机化合物的波谱解析
|
|
| 作者: | 西尔弗斯坦 著 ;药明康德新药开发有限公司 译 | |
| 分册: | ||
| 出版信息: | 上海 华东理工大学出版社有限公司 2017.11 |
|
| 页数: | 686页 | |
| 开本: | 29cm | |
| 丛书名: | 十三五国家重点图书经典化学高等教育译丛 | |
| 单 册: | ||
| 中图分类: | O621.15 | |
| 科图分类: | ||
| 主题词: | 有机化合物--波谱分析 | |
| 电子资源: | ||
| ISBN: | 978-7-5628-5231-5 | |
| 000 | 01413oam2 2200289 450 | |
| 001 | 1308 | |
| 005 | 20180928080832.81 | |
| 010 | @a978-7-5628-5231-5@dCNY199.00 | |
| 100 | @a20180217d2017 em y0chiy50 ea | |
| 101 | 1 | @achi@ceng |
| 102 | @aCN@b310000 | |
| 105 | @aa zq 001yy | |
| 200 | 1 | @a有机化合物的波谱解析@9you ji hua he wu de bo pu jie xi@dSpectrometric identification of organic compounds@f(美)Robert M. Silverstein[等]著@g药明康德新药开发有限公司译@zeng |
| 210 | @a上海@c华东理工大学出版社有限公司@d2017.11 | |
| 215 | @a686页@c图@d29cm | |
| 225 | 1 | @a十三五国家重点图书经典化学高等教育译丛 |
| 304 | @a著者还有:(美)Francis X. Webster、(美)David J. Kiemle、(加)David L. Bryce | |
| 305 | @a据原著第8版译出 | |
| 330 | @a本书是第八版《Spectrometric Identification of Organic Compounds》的中译本,原著是由在有机化合物波谱解析教学科研领域享受盛誉的Silverstein R.M.所著。全书内容除了含有MS、IR和NMR的基本原理及波谱数据,还有从简单分子到复杂天然物的的实例结构解析。 | |
| 461 | 0 | @12001 @a十三五国家重点图书经典化学高等教育译丛 |
| 510 | 1 | @aSpectrometric identification of organic compounds@zeng |
| 606 | 0 | @a有机化合物@x波谱分析 |
| 690 | @aO621.15@v5 | |
| 701 | 0 | @c(美)@a西尔弗斯坦@9xi er fu si tan@f(Silverstein, Robert M. )@4著 |
| 712 | 02 | @a药明康德新药开发有限公司@9yao ming kang de xin yao kai fa you xian gong si@4译 |
| 801 | 0 | @aCN@b91MARC@c20180217 |
| 905 | @aMuseLib@dO621.15@e104 | |
| 有机化合物的波谱解析=Spectrometric identification of organic compounds/(美)Robert M. Silverstein[等]著/药明康德新药开发有限公司译.-上海:华东理工大学出版社有限公司,2017.11 |
| 686页:图;29cm.-(十三五国家重点图书经典化学高等教育译丛) |
| ISBN 978-7-5628-5231-5:CNY199.00 |
| 本书是第八版《Spectrometric Identification of Organic Compounds》的中译本,原著是由在有机化合物波谱解析教学科研领域享受盛誉的Silverstein R.M.所著。全书内容除了含有MS、IR和NMR的基本原理及波谱数据,还有从简单分子到复杂天然物的的实例结构解析。 |
| ● |
| 相关链接 |
|
|
|
|
正题名:有机化合物的波谱解析
索取号:O621.15/104
 
预约/预借
| 序号 | 登录号 | 条形码 | 馆藏地/架位号 | 状态 | 备注 |
| 1 | 1122091 | 211220917 | 第二样本阅览室/ [索取号:O621.15/104] | 在馆 | |
| 2 | 1122092 | 211220926 | 化学系资料室/ [索取号:O621.15/104] | 在馆 |